| 000 | 00619cab a22002175a 4500 | ||
|---|---|---|---|
| 001 | L140814 | ||
| 008 | 071012e20070927xxk f 000 0 eng d | ||
| 035 | _a(Sirsi) u140814 | ||
| 041 | 0 | _aeng | |
| 100 | 1 | _aMannion, Richard | |
| 245 | 0 | 0 | _aHome and away |
| 260 | _c2007 | ||
| 490 | 0 |
_aTaxation _v27 September 2007, 341-344(4) |
|
| 520 | _aDiscusses new rules relating to property owned via a company proposed in draft legislation. | ||
| 590 | _aKA | ||
| 651 | 4 |
_aUnited Kingdom _y |
|
| 651 | 4 | _aFrance | |
| 651 | 4 | _aSpain | |
| 690 | _aPROPERTY-RESIDENTIAL PROPERTY-RESIDENTIAL PROPERTY TAXATION | ||
| 942 | _n0 | ||
| 999 |
_c79354 _d79354 |
||